000 00239nam a2200097Ia 4500
001 652192
005 20250826154434.0
008 250824s9999 xx 000 0 und d
245 0 _aAfetler Seller
_cPaul Mason
260 _bTÜBİTAK YAYINLARI
999 _c652192
_d652192